000
00217nam a22001097a 4500
008
171220b xxu||||| |||| 00| 0 eng d
020
_a
9781405104128
041
_a
eng
080
_a
579
100
_a
11
101
_a
MIK
999
_c
39217
_d
39217